| 000 | 00347nam a2200145Ia 4500 | ||
|---|---|---|---|
| 100 | _aBronson/ G.j. | ||
| 942 | _cBK | ||
| 654 | _aAnsi for Engineers & Scientists | ||
| 245 | _aIntrod to Ansi c for Engineers & Scientists | ||
| 260 |
_bJaico Pub _aBombay _c1994 |
||
| 082 |
_a005.13 'C' _bBRO |
||
| 300 | _a645 | ||
| 546 | _aENGLISH | ||
| 999 |
_c35538 _d35538 |
||